Penyakit bawaan kucing dan ulat

Bibliographic Details
Main Author: Fakrul Nizam
Format: Book
Published: Selangor : Penerbitan Alam Ilmu , 2020
Series:Siri haiwan pembawa gejala dan penyakit
Subjects:

MARC

LEADER 00000cam a2200000 7i4500
001 0000278682
005 20200918163938.0
020 |a 9789670694887 
090 0 0 |a 614.56   |b FAK 
100 0 |a Fakrul Nizam 
245 1 0 |a Penyakit bawaan kucing dan ulat   |c Fakrul Nizam 
260 |a Selangor :   |b Penerbitan Alam Ilmu ,   |c 2020 
300 |a 48p. :   |b photo,col. ;   |c 26cm. 
490 0 |a Siri haiwan pembawa gejala dan penyakit 
650 0 |a Animals as carriers of disease 
650 0 |a Cat 
650 0 |a Insects as carriers of disease 
650 0 |a Zoonoses 
999 |a 00384668   |b BUKU   |c JUNIOR BOOKS   |e PERPUSTAKAAN KOMUNITI PETALING JAYA